Datum a čas kvízu
37.5
Celkem bodů
Celkový počet nahraných bodů na tomto kvízu bez doplňovacích otázek.
1.
Pořadí na kvízu
Konečné umístění týmu na tomto kvízu.
Zaznamenané odpovědi
| # | Otázka | Odpověď | Body | Výsledky |
|---|---|---|---|---|
| 1. | Na půdě Poslanecké sněmovny se... | obrázek Milady Horákové | 1 | |
| 2. | Uplynulý týden řešila administ... | John Bolton | 0 | |
| 3. | Minulý týden se na internetu o... | Milan Kundera | 1 | |
| 4. | Alena Schillerová představila... | 5 740 Kč | 1 | |
| 5. | Minulý týden skončily spekulac... | Chelsea | 1 | |
| 6. | Napište dvě řecké předpony pou... | mega, mikro | 1 | |
| 7. | První záchytný bod v původní č... | 320 000 Kč | 1 | |
| 8. | Uveďte právní formu Milionu ch... | B | 1 | |
| 9. | V žebříčku deseti měst USA s v... | San Antonio, San Diego, San Jose | 0.5 | |
| 10. | Jaká je průměrná vzdálenost Ze... | 150 miliónů km | 0 |